000 00815nam a2200241Ia 4500
003 OSt
005 20220926022048.0
006 a|||||r|||| 00| 0
007 ta
008 220923b |||||||| |||| 00| 0 eng d
037 _cGeneral Book
040 _aRTL
_cRTL
_beng
041 _2eng
_aeng
082 _aV1N45,93:3(X71).N83r, M3-5G/UN
110 _aUnited nations fund for population activities.
_9325939
245 0 _aFinancial report and audited financial stataments
_bReport of the board of auditors.
260 _aNew York
_bUnited Nations
_c1984
300 _aiv; 30p.,
_ccm.
490 _aSupplement no.5G.
700 _aUnited nations fund for population activities.
_9325940
942 _hV1N45,93:3(X71).N83r, M3-5G/UN
_cGB
_2CC
999 _c638386
_d638386